000
00302nam a22001337a 4500
008
260428b ||||| |||| 00| 0 eng d
020
_a
9789951642538
041
_a
Shqip
080
_a
821.1
100
_a
20
101
_a
Roman
245
_a
Misioni i Borëbardhës
_c
Shefqet Shehu
942
_2
udc
_c
BK
999
_c
61008
_d
61008